73van samvaidhanik sanshodhan adhiniyam, 1992 aur mahilaon ka sashaktikaran-Haryana rajya ke Karnal jile ke sandarbh mein (Record no. 125959)

MARC details
000 -LEADER
fixed length control field 00419nam a2200145Ia 4500
008 - FIXED-LENGTH DATA ELEMENTS--GENERAL INFORMATION
fixed length control field 230917s9999||||xx |||||||||||||| ||und||
040 ## - CATALOGING SOURCE
-- 210166
Original cataloging agency VIVEKANANDA LIBRARY
041 ## - Language
-- English
082 ## - DDC NUMBER
Classification number 342.54 R164S
100 ## - MAIN ENTRY--PERSONAL NAME
Personal name Rani Devi
245 #0 - TITLE STATEMENT
Title 73van samvaidhanik sanshodhan adhiniyam, 1992 aur mahilaon ka sashaktikaran-Haryana rajya ke Karnal jile ke sandarbh mein
260 ## - PUBLICATION, DISTRIBUTION, ETC. (IMPRINT)
Date of publication, distribution, etc 2013
300 ## - PHYSICAL DESCRIPTION
Pages 304 p.
942 ## - ADDED ENTRY ELEMENTS (KOHA)
Koha item type Thesis
Holdings
Withdrawn status Lost status Damaged status Not for loan Location (home branch) Sublocation or collection (holding branch) Date acquired Koha issues (times borrowed) Koha full call number Accession No. Koha date last seen Koha item type
        VIVEKANANDA LIBRARY VIVEKANANDA LIBRARY 14/09/2013   342.54 R164S 221921 17/09/2023 Thesis
© Designed and Maintained by Vivekananda Library, MDU Rohtak